Cestná daň a využívanie pozemných komunikácií motorovými vozidlami
Zákon č. 87/1994 Z.z. o cestnej dani v znení neskorších predpisov. Daňovník cestnej dane. Predmet a základ cestnej dane. Zdaňovacie obdobie a daňová povinnosť. Sadzba dane a jej výpočet. Medzinárodná premávka. Vyrubenie a platenie cestnej dane, kontrola. Pokračovanie v ďalšom čísle.
Guardado en:
| Formato: | Capítulo de libro |
|---|---|
| Lenguaje: | eslovaco |
| Materias: | |
| Etiquetas: |
Sin Etiquetas, Sea el primero en etiquetar este registro!
|
MARC
| LEADER | 00000naa a2200000 4500 | ||
|---|---|---|---|
| 001 | r041674 | ||
| 005 | 20230801100052.6 | ||
| 041 | 0 | |a slo | |
| 044 | |a SK | ||
| 245 | 1 | 0 | |a Cestná daň a využívanie pozemných komunikácií motorovými vozidlami |
| 520 | |a Zákon č. 87/1994 Z.z. o cestnej dani v znení neskorších predpisov. Daňovník cestnej dane. Predmet a základ cestnej dane. Zdaňovacie obdobie a daňová povinnosť. Sadzba dane a jej výpočet. Medzinárodná premávka. Vyrubenie a platenie cestnej dane, kontrola. Pokračovanie v ďalšom čísle. | ||
| 610 | 2 | 0 | |a dane cestné |
| 610 | 2 | 0 | |a zákony |
| 610 | 2 | 0 | |a Slovensko |